000 00256nam a2200133Ia 4500
100 _a#N/A
650 _aComputers
942 _cBK
654 _aAUTOCAD 2000
245 _aInside Autocad 2000
260 _bTechmedia
082 _bBUR
546 _aENGLISH
999 _c33332
_d33332